000 00319nam a22001337a 4500
008 181107b xxu||||| |||| 00| 0 eng d
020 _a9781591940043
041 _aeng
080 _24th
_a371
100 _a46
101 _aEDU
245 _aTen steps to improving college reading skills
_cLangan, J
942 _2udc
_cBK
999 _c52209
_d52209